L'uovo fuori dal cavagno /

Gespeichert in:
Bibliographische Detailangaben
1. Verfasser: Giacobino, Margherita (Verfasst von)
Format: Buch
Sprache:Italienisch
Veröffentlicht: Roma : Elliot, 2010
Schriftenreihe:Heroes
Tags: Tag hinzufügen
Keine Tags, Fügen Sie das erste Tag hinzu!

MARC

LEADER 00000nam a22000007i 4500
001 IT\ICCU\LO1\1315552
003 ItRI
005 20260115232123.0
008 100712s2010 it |||||| ||||| |||||c
020 |a 9788861921429 
040 |b ita  |c importazione bologna sebina 
041 7 |a ita  |2 ISO-639-2 
082 |a 853.914  |9 NARRATIVA ITALIANA, 1945-1999  |2 21 
100 1 |a Giacobino, Margherita  |0 IT\ICCU\CFIV\137755  |4 aut 
245 1 2 |a L'uovo fuori dal cavagno /  |c Margherita Giacobino. 
260 |a Roma :  |b Elliot,  |c 2010 
300 |a 242 p. ;  |c 21 cm. 
790 1 |a Rigby, Elinor  |3 IT\ICCU\SBNV\055059  |z Giacobino, Margherita 
830 0 |a Heroes  |0 IT\ICCU\LO1\1236989 
942 |2 ddc  |c BK  |n 0 
952 |0 0  |1 0  |4 0  |6 L_853_914000000000000_GIA  |7 0  |9 20409  |a BO  |b BO  |d 2026-01-15  |i 14600  |l 0  |o L 853.914 GIA  |p BO14600  |r 2026-01-15 23:21:23  |w 2026-01-15  |x [Sebina 5] [1 v.]  |y BK  |z 1 v. 
999 |c 17416  |d 17416